| 000 | 00589nam a2200181 4500 | ||
|---|---|---|---|
| 005 | 20250617115342.0 | ||
| 010 | _aENG-145405 | ||
| 020 |
_a9789361636080 _c500.00 |
||
| 035 | _aEN-128937 | ||
| 037 | _bDBAD | ||
| 082 |
_a658.872 _21 |
||
| 245 |
_aNavigating the Future: _bUnveiling te Dynamics of Industry 5.0/ _cEdited By A. Mayil Murugan...[et.al] |
||
| 250 | _a1 | ||
| 260 |
_aMadurai _bShanlax Publications _c2024 |
||
| 270 |
_a61,66 Vasantha Nagar _bMadurai _e625003 _mshanlaxpublications@gmail.com |
||
| 300 |
_a296p. _c24cm(Pb) |
||
| 942 |
_2ddc _cEN _h658.872 _mNAV |
||
| 999 |
_c211853 _d211853 |
||